LEADER 00882nam0-2200313---450- 001 990009310590403321 005 20110124112417.0 010 $a978-0-7864-1398-0 035 $a000931059 035 $aFED01000931059 035 $a(Aleph)000931059FED01 035 $a000931059 100 $a20110124d2003----km-y0itay50------ba 101 0 $aeng 102 $aUS$aGB 105 $a--------001yy 200 1 $aArchitectural acoustics$fChristopher N. Brooks 210 $aJefferson, N.C. ; London$cMcFarland & Company Inc.$d2003 215 $aVII, 147 p.$cill.$d23 cm 610 0 $aAcustica architettonica 676 $a729.2 700 1$aBrooks,$bChristopher N.$0509996 801 0$aIT$bUNINA$gRICA$2UNIMARC 901 $aBK 912 $a990009310590403321 952 $a13 B 43 33$b17152$fFINBC 959 $aFINBC 996 $aArchitectural acoustics$9771152 997 $aUNINA LEADER 00879nam0-22003251i-450 001 990003320120403321 005 20230504093630.0 035 $a000332012 035 $aFED01000332012 035 $a(Aleph)000332012FED01 035 $a000332012 100 $a20001010d1989----km-y0itay50------ba 101 0 $aeng 102 $aGB 105 $ay-------001yy 200 1 $a<>chronology of english literature$fMartin Gray 210 $aHarlow$cLongman$d1989 215 $a215 p.$d21 cm 225 1 $aLongman Literature Guides 610 0 $aLetteratura inglese$aStoria 676 $a820.9 700 1$aGray,$bMartin$0131799 801 0$aIT$bUNINA$gRICA$2UNIMARC 901 $aBK 912 $a990003320120403321 952 $a820.9 GRA /1$bLINGUE 1708$fDECLI 959 $aDECLI 996 $aChronology of english literature$92968631 997 $aUNINA DB $aING01